Statystyki dla Nazwa

Kliknij tutaj aby rozwiązać quiz!

Ogólne statystyki

  • Ten quiz został rozwiązany 8 razy
  • Średni wynik to 5 z 15

Statystyki odpowiedzi

Odpowiedz% Poprawnych
HPolska
88%
ACzechy
50%
GRosja
50%
KBiałoruś
38%
LLitwa
38%
CNiemcy
38%
JUkraina
38%
MChiny
25%
EEstonia
25%
OIrlandia
25%
BSłowenia
25%
DBrazylia
13%
IBelgia
0%
FGruzja
0%
NNowa Zelandia
0%

Rozkład punktacji

Percentyl według liczby udzielonych odpowiedzi

Procent ludzi z każdym wynikiem

Twoja historia wyników

Nie rozwiązałeś tego quizu